Normal view
MARC view
Entry Corporate Name
001 - CONTROL NUMBER
- control field: 5660
003 - CONTROL NUMBER IDENTIFIER
- control field: ARRUPE
005 - DATE AND TIME OF LATEST TRANSACTION
- control field: 20131213114619.0
008 - FIXED-LENGTH DATA ELEMENTS
- fixed length control field: 131213|| aca||aabn | a|a d
040 ## - CATALOGING SOURCE
- Original cataloging agency: ARRUPE
- Transcribing agency: ARRUPE
110 ## - HEADING--CORPORATE NAME
- Corporate name or jurisdiction name as entry element: Catholic Church
- Geographic subdivision: Norway
- General subdivision: Bishops
- Form subdivision: Biography.
670 ## - SOURCE DATA FOUND
- Source citation: Work cat.: (ARRUPE)0: Gran, John W., 1920-2008. 5658, A hand on my shoulder ; vol.1 /, c2004.